[Event "Niort op-B"]
[Site "Niort"]
[Date "2002.09.29"]
[Round "5"]
[White "Barlet, Jean Sebastien"]
[Black "Iamot, Florian"]
[Result "0-1"]
[WhiteElo "1300"]
[BlackElo "1620"]
[PlyCount "68"]
[EventDate "2002.09.28"]
[EventType "swiss"]
[EventRounds "6"]
[EventCountry "FRA"]
[SourceTitle "EXT 2004"]
[Source "ChessBase"]
[SourceDate "2003.11.25"]
[SourceVersion "1"]
[SourceVersionDate "2003.11.25"]
[SourceQuality "1"]

1. c4 e5 2. e4 Nf6 3. d3 Nc6 4. a3 Bc5 5. Nc3 Nd4 6. h3 a6 7. Be2 d6 8. Nd5 c6 9. Nc3 0-0 10. Nf3 Re8 11. Nxd4 Bxd4 12. Bg5 h6 13. Bd2 d5 14. Bg4 dxe4 15. dxe4 Qb6 16. Rb1 Bxf2+ 17. Kf1 Rd8 18. Qe2 Bg3 19. Be3 Qb3 20. c5 Be6 21. Qf3 Bc4+ 22. Kg1 Bh4 23. Kh2 Bd3 24. Rbd1 Qxb2 25. Na4 Qxa3 26. Nb6 Rab8 27. Rd2 Bxe4 28. Qe2 Rd3 29. Rxd3 Qxd3 30. Rd1 Qxe2 31. Bxe2 Nd5 32. Nd7 Nxe3 33. Rd2 Rd8 34. Bg4 Bg5 0-1